Psychology Demystified / (Record no. 15352)
[ view plain ]
| 000 -LEADER | |
|---|---|
| fixed length control field | 01238cam a22003254a 4500 |
| 001 - CONTROL NUMBER | |
| control field | 14646630 |
| 005 - DATE AND TIME OF LATEST TRANSACTION | |
| control field | 20201128020904.0 |
| 008 - FIXED-LENGTH DATA ELEMENTS--GENERAL INFORMATION | |
| fixed length control field | 061127s2007 nyua b 001 0 eng |
| 010 ## - LIBRARY OF CONGRESS CONTROL NUMBER | |
| LC control number | 2006286347 |
| 020 ## - INTERNATIONAL STANDARD BOOK NUMBER | |
| International Standard Book Number | 0071460306 (pbk.) |
| 020 ## - INTERNATIONAL STANDARD BOOK NUMBER | |
| International Standard Book Number | 9780071460309 (pbk.) |
| 040 ## - CATALOGING SOURCE | |
| Original cataloging agency | DLC |
| Transcribing agency | DLC |
| Modifying agency | DLC |
| 082 ## - DEWEY DECIMAL CLASSIFICATION NUMBER | |
| Edition number | 22 |
| Classification number | 150 |
| Item number | ROM |
| 100 1# - MAIN ENTRY--PERSONAL NAME | |
| Personal name | Romero, Anna A. |
| 9 (RLIN) | 24003 |
| 245 10 - TITLE STATEMENT | |
| Title | Psychology Demystified / |
| Statement of responsibility, etc | Anna Romero, Steven M. Kemp. |
| 260 ## - PUBLICATION, DISTRIBUTION, ETC. (IMPRINT) | |
| Place of publication, distribution, etc | New York : |
| Name of publisher, distributor, etc | McGraw-Hill, 2007 |
| Date of publication, distribution, etc | c2007. |
| 300 ## - PHYSICAL DESCRIPTION | |
| Extent | xxvi, 406 p. : |
| Other physical details | ill. ; |
| Dimensions | 24 cm. |
| 490 0# - Series Statement | |
| Series statement | Demystified series |
| -- | 24004 |
| 500 ## - GENERAL NOTE | |
| General note | "A self-teaching guide"--Cover. |
| 504 ## - BIBLIOGRAPHY, ETC. NOTE | |
| Bibliography, etc | Includes bibliographical references and index. |
| 541 ## - IMMEDIATE SOURCE OF ACQUISITION NOTE | |
| Source of acquisition | Dr. shahrazad ; |
| 650 ## - SUBJECT ADDED ENTRY--TOPICAL TERM | |
| 9 (RLIN) | 890 |
| Topical term or geographic name as entry element | Psychology |
| 653 ## - INDEX TERM--UNCONTROLLED | |
| Resource For college | |
| Arrived date list | May2011 |
| 700 1# - ADDED ENTRY--PERSONAL NAME | |
| Personal name | Kemp, Steven M. |
| 9 (RLIN) | 24005 |
| 856 42 - ELECTRONIC LOCATION AND ACCESS | |
| Materials specified | Contributor biographical information |
| Uniform Resource Identifier | <a href="http://www.loc.gov/catdir/enhancements/fy0641/2006286347-b.html">http://www.loc.gov/catdir/enhancements/fy0641/2006286347-b.html</a> |
| 856 42 - ELECTRONIC LOCATION AND ACCESS | |
| Materials specified | Publisher description |
| Uniform Resource Identifier | <a href="http://www.loc.gov/catdir/enhancements/fy0641/2006286347-d.html">http://www.loc.gov/catdir/enhancements/fy0641/2006286347-d.html</a> |
| 856 41 - ELECTRONIC LOCATION AND ACCESS | |
| Materials specified | Table of contents only |
| Uniform Resource Identifier | <a href="http://www.loc.gov/catdir/enhancements/fy0641/2006286347-t.html">http://www.loc.gov/catdir/enhancements/fy0641/2006286347-t.html</a> |
| 942 ## - ADDED ENTRY ELEMENTS (KOHA) | |
| Source of classification or shelving scheme | Dewey Decimal Classification |
| Item type | |
| Withdrawn status | Item status | Source of classification or shelving scheme | Damaged status | Not for loan | Vendor | Home library | Current library | Shelving location | Date acquired | Source of acquisition | Total Checkouts | Total Renewals | Full call number | Barcode | Date last seen | Date last borrowed | Koha item type |
|---|---|---|---|---|---|---|---|---|---|---|---|---|---|---|---|---|---|
| Dewey Decimal Classification | Donation-Gift | Central Library | Central Library | Lower Floor | 19/05/2011 | Donation | 25 | 37 | 150 ROM | 000025098 | 15/07/2025 | 03/11/2021 | Book - Borrowing |